Equipes gagnantes saison 2018/2019 - Statistiques

Statistiques générales
  • Ce quiz a été pris 27 fois
  • Le résultat moyen est 56 sur 88
Statistiques - réponses
Hint Réponse % Correct
ATT Lionel Messi
100%
MIL Bernardo Silva
95%
ATT Kylian Mbappé
95%
DEF/MIL Marquinhos
95%
DEF Thiago Silva
95%
G Alisson
91%
MIL David Silva
91%
ATT Edinson Cavani
91%
G Marc-André ter Stegen
91%
DEF Virgil van Dijk
91%
Virgil van Dijk
91%
ATT Ángel Di María
86%
DEF John Stones
86%
G Manuel Neuer
86%
ATT Mohamed Salah
86%
Mohamed Salah
86%
ATT Roberto Firmino
86%
ATT Sadio Mané
86%
Sadio Mané
86%
ATT Sergio Agüero
86%
DEF Trent Alexander-Arnold
86%
G Alphonse Areola
82%
DEF Kyle Walker
82%
MIL Marco Verratti
82%
ATT Raheem Sterling
82%
ATT Robert Lewandowski
82%
DEF Andrew Robertson
77%
Andrew Robertson
77%
G Ederson
77%
DEF Gerard Piqué
77%
MIL Jordan Henderson
77%
Jordan Henderson
77%
ATT Leroy Sané
77%
ATT Luis Suárez
77%
MIL Sergio Busquets
77%
ATT Cristiano Ronaldo
73%
ATT Eden Hazard
73%
DEF Giorgio Chiellini
73%
DEF Jordi Alba
73%
DEF Joshua Kimmich
73%
DEF Juan Bernat
73%
DEF Leonardo Bonucci
73%
ATT Serge Gnabry
73%
ATT Thomas Müller
73%
Joe Gomez
68%
G Kepa Arrizabalaga
68%
ATT Kingsley Coman
68%
MIL Thiago Alcántara
68%
DEF Mats Hummels
64%
MIL N'Golo Kanté
64%
DEF David Luiz
59%
MIL Fernandinho
59%
MIL Georginio Wijnaldum
59%
MIL Ivan Rakitić
59%
DEF Presnel Kimpembe
59%
MIL Blaise Matuidi
55%
MIL Fabinho
55%
Fabinho
55%
ATT Olivier Giroud
55%
DEF Clément Lenglet
50%
DEF Joël Matip
50%
Joël Matip
50%
MIL Leon Goretzka
50%
MIL Miralem Pjanić
50%
ATT Paulo Dybala
50%
DEF César Azpilicueta
45%
DEF David Alaba
45%
James Milner
45%
DEF João Cancelo
45%
DEF Sergi Roberto
45%
G Wojciech Szczęsny
45%
DEF Alex Sandro
41%
MIL Arturo Vidal
41%
ATT Philippe Coutinho
41%
MIL Jorginho
36%
DEF Niklas Süle
36%
DEF Oleksandr Zinchenko
36%
Alex Oxlade-Chamberlain
32%
DEF Aymeric Laporte
32%
MIL Mateo Kovačić
32%
ATT Pedro
32%
DEF Thilo Kehrer
32%
MIL Julian Draxler
27%
ATT Mario Mandžukić
27%
Adrián
23%
MIL Rodrigo Bentancur
18%
DEF Andreas Christensen
14%
DEF Emerson Palmieri
9%
Aucun quiz correspondant
Distribution des résultats
% des personnes avec chaque résultat
Percentile par nombre de réponses
Votre historique - résultats
Vous n’avez pas pris ce quiz